[Event "SRI-ch (Women)"]
[Site "Colombo"]
[Date "2024.03.30"]
[Round "11"]
[White "Bimansa, DG Jayandi"]
[Black "Fernando, GW Nethmi L"]
[Result "0-1"]
[WhiteElo "1572"]
[BlackElo "1758"]
[PlyCount "60"]
[EventDate "2024.03.22"]
[EventType "tourn"]
[EventRounds "13"]
[EventCountry "SRI"]
[SourceTitle "CBM 219 Extra"]
[Source "ChessBase"]
[SourceDate "2024.05.31"]
[SourceVersion "1"]
[SourceVersionDate "2024.05.31"]
[SourceQuality "1"]

1. e4 c5 2. Nf3 d6 3. d4 cxd4 4. Nxd4 Nf6 5. Nc3 a6 6. Bc4 e6 7. a4 Be7 8. Be3 Qc7 9. Bb3 Nc6 10. f3 Bd7 11. 0-0 0-0 12. g4 Nxd4 13. Bxd4 Rad8 14. a5 Rc8 15. g5 Ne8 16. f4 Qd8 17. Qh5 d5 18. Rf3 Bc5 19. Bxc5 Rxc5 20. Rh3 h6 21. gxh6 g6 22. h7+ Kh8 23. Qe5+ Qf6 24. Qxf6+ Nxf6 25. exd5 exd5 26. Rd3 Be6 27. Rad1 Kxh7 28. R1d2 Rd8 29. Kf2 Rxa5 30. Ne2 Ne4+ 0-1

[Event "SRI-ch (Women)"]
[Site "Colombo"]
[Date "2024.03.29"]
[Round "9"]
[White "Ekaratne, Chenaya"]
[Black "Fernando, GW Nethmi L"]
[Result "0-1"]
[WhiteElo "1623"]
[BlackElo "1758"]
[PlyCount "62"]
[EventDate "2024.03.22"]
[EventType "tourn"]
[EventRounds "13"]
[EventCountry "SRI"]
[SourceTitle "CBM 219 Extra"]
[Source "ChessBase"]
[SourceDate "2024.05.31"]
[SourceVersion "1"]
[SourceVersionDate "2024.05.31"]
[SourceQuality "1"]

1. d4 Nf6 2. c4 g6 3. Nc3 d5 4. cxd5 Nxd5 5. Bd2 c5 6. e4 Nxc3 7. Bxc3 cxd4 8. Bb5+ Bd7 9. Qxd4 Bxb5 10. Qxd8+ Kxd8 11. Bxh8 f6 12. e5 Nd7 13. Rd1 Ke8 14. Nf3 Bc6 15. exf6 exf6 16. Nd4 Bxg2 17. Rg1 Bd5 18. b3 Kf7 19. Nf5 Be6 20. Bxf6 Bxf5 21. Bd4 Re8+ 22. Be3 Ne5 23. Ke2 Bg4+ 24. Ke1 Bb4+ 25. Kf1 Bxd1 26. Kg2 Bf3+ 27. Kg3 Bh5 28. Rc1 Nc6 29. Bc5 Bxc5 30. Rxc5 Re5 31. Rxe5 Nxe5 0-1

[Event "SRI-ch (Women)"]
[Site "Colombo"]
[Date "2024.03.22"]
[Round "1"]
[White "Fernando, GW Nethmi L"]
[Black "Abeysinghe, HMH Janandani"]
[Result "1-0"]
[WhiteElo "1758"]
[BlackElo "1750"]
[PlyCount "124"]
[EventDate "2024.03.22"]
[EventType "tourn"]
[EventRounds "13"]
[EventCountry "SRI"]
[SourceTitle "CBM 219 Extra"]
[Source "ChessBase"]
[SourceDate "2024.05.31"]
[SourceVersion "1"]
[SourceVersionDate "2024.05.31"]
[SourceQuality "1"]

1. d4 Nf6 2. c4 e6 3. Nc3 Bb4 4. Qc2 0-0 5. Bd2 d5 6. e3 c6 7. cxd5 exd5 8. Bd3 Nbd7 9. Nge2 Re8 10. 0-0 Nf8 11. f3 Ne6 12. a3 Bd6 13. e4 Nxd4 14. Nxd4 Bc5 15. Be3 dxe4 16. Nxe4 Bxd4 17. Nxf6+ Qxf6 18. Bxh7+ Kh8 19. Bxd4 Qxd4+ 20. Kh1 g6 21. Bxg6 fxg6 22. Qxg6 Re6 23. Qh5+ Kg7 24. Rad1 Qe5 25. Qg4+ Rg6 26. Qb4 c5 27. Qd2 Bf5 28. Rfe1 Qf6 29. Qd5 Rf8 30. Qxb7+ Rf7 31. Qb8 Re7 32. Rg1 Qe5 33. Qxe5+ Rxe5 34. g4 Be6 35. Rde1 Rd5 36. Rg2 Rd3 37. Rf2 Bd5 38. Kg1 Rxf3 39. Rxf3 Bxf3 40. h3 Rf6 41. Re7+ Rf7 42. Re5 c4 43. Rc5 Be2 44. Kg2 Bd3 45. Kg3 Rb7 46. h4 Kf6 47. g5+ Kg6 48. Rc6+ Kf5 49. Rf6+ Ke5 50. Rf2 Rh7 51. Kg4 Ke4 52. g6 Rg7 53. Kg5 Ke5 54. h5 Ke6 55. Rf6+ Ke7 56. h6 Rg8 57. h7 Rb8 58. Rf7+ Ke6 59. Rg7 Rb5+ 60. Kg4 Rb8 61. Rg8 Bxg6 62. h8Q Kd5 1-0

[Event "Wch FIDE Online U18 Girls Asia qual"]
[Site "Tornelo INT"]
[Date "2020.12.13"]
[Round "7"]
[White "Fernando, GW Nethmi L"]
[Black "Kazi Zarin, Tasnim"]
[Result "0-1"]
[WhiteElo "1745"]
[BlackElo "1667"]
[PlyCount "34"]
[EventDate "2020.12.11"]
[EventType "swiss (rapid)"]
[EventRounds "7"]
[EventCountry "ISS"]
[SourceTitle "EXT 2022"]
[Source "ChessBase"]
[SourceDate "2021.10.06"]
[SourceVersion "1"]
[SourceVersionDate "2021.10.06"]
[SourceQuality "1"]

1. d4 d5 2. c4 e5 3. dxe5 d4 4. Nf3 Nc6 5. a3 Nge7 6. b4 Bg4 7. Nbd2 Ng6 8. Bb2 Ngxe5 9. Nxe5 Nxe5 10. h3 Be6 11. Rc1 c5 12. bxc5 Bxc5 13. Qa4+ Bd7 14. Qc2 Qa5 15. Qe4 Bd6 16. Bxd4 Qxa3 17. Bxe5 Qxc1# 0-1

[Event "Asia Nations online Cup (Women)"]
[Site "Chess.com INT"]
[Date "2020.10.19"]
[Round "7.5"]
[White "Samaganova, Alexandra"]
[Black "Fernando, GW Nethmi L"]
[Result "1-0"]
[WhiteElo "2003"]
[BlackElo "1745"]
[PlyCount "121"]
[EventDate "2020.10.11"]
[EventType "team-swiss (rapid)"]
[EventRounds "9"]
[EventCountry "IND"]
[SourceTitle "CBM 198 Extra"]
[Source "ChessBase"]
[SourceDate "2020.11.30"]
[SourceVersion "1"]
[SourceVersionDate "2020.11.30"]
[SourceQuality "1"]
[WhiteTeam "Kyrgyzstan (W)"]
[BlackTeam "Sri Lanka (W)"]
[WhiteTeamCountry "KGZ"]
[BlackTeamCountry "SRI"]

1. c4 e5 2. Nc3 Nf6 3. Nf3 Nc6 4. a3 d5 5. cxd5 Nxd5 6. Qc2 Nb6 7. e3 Be7 8. b4 a6 9. Bb2 0-0 10. Be2 Be6 11. 0-0 f5 12. b5 axb5 13. Nxb5 Bf6 14. d4 e4 15. Ne5 Bd5 16. f3 Bxe5 17. dxe5 exf3 18. Bxf3 Bc4 19. Be2 Bxe2 20. Qxe2 Qe7 21. Rac1 Rac8 22. Qc2 Qe6 23. Nd4 Nxd4 24. exd4 Nd5 25. Qb3 Rb8 26. Rc5 c6 27. h3 Kh8 28. Rcc1 Qg6 29. Qd3 Rbe8 30. Rf2 Qe6 31. Rcf1 g6 32. Bc1 Rf7 33. Bg5 c5 34. dxc5 Qxe5 35. Bc1 Qe6 36. Bb2+ Nf6 37. Qc3 Qe3 38. Qc4 Rff8 39. Kh1 Qe6 40. Qc3 Qe3 41. Qb4 Qe4 42. Qb6 Re6 43. Qb3 Ree8 44. Rd2 Re7 45. Rd6 Kg7 46. Qb6 Ref7 47. Rfd1 Qe2 48. Qb4 Qe4 49. Qc3 Qe2 50. Re1 Qh5 51. Ree6 Qg5 52. c6 bxc6 53. Rxc6 h5 54. a4 Qh4 55. a5 Qg5 56. a6 h4 57. Rxf6 Rxf6 58. Rxf6 Rxf6 59. Qxf6+ Qxf6 60. Bxf6+ Kxf6 61. a7 1-0

[Event "SRI-ch (Women)"]
[Site "Colombo"]
[Date "2020.09.21"]
[Round "12"]
[White "Fernando, GW Nethmi L"]
[Black "Koswatte, CT."]
[Result "1-0"]
[WhiteElo "1630"]
[BlackElo "1738"]
[PlyCount "91"]
[EventDate "2020.09.11"]
[EventType "tourn"]
[EventRounds "13"]
[EventCountry "SRI"]
[SourceTitle "CBM 198 Extra"]
[Source "ChessBase"]
[SourceDate "2020.11.30"]
[SourceVersion "1"]
[SourceVersionDate "2020.11.30"]
[SourceQuality "1"]

1. d4 g6 2. c4 Bg7 3. Nc3 Nf6 4. e4 d6 5. Be2 c5 6. d5 0-0 7. g4 e6 8. g5 Ne8 9. h4 exd5 10. Nxd5 Nc6 11. Nf3 Nd4 12. Nxd4 Bxd4 13. Qc2 Be6 14. Be3 Bxe3 15. Nxe3 Qa5+ 16. Qd2 Qxd2+ 17. Kxd2 f5 18. exf5 Bxf5 19. f4 Be4 20. Rhf1 Ng7 21. Bd3 Bxd3 22. Kxd3 Nf5 23. Nxf5 Rxf5 24. Rae1 Kf7 25. Re4 Re8 26. Rfe1 Rxe4 27. Kxe4 a6 28. h5 b5 29. b3 Ke6 30. hxg6 hxg6 31. Rd1 bxc4 32. bxc4 a5 33. a4 Rf8 34. Rh1 Rf5 35. Rh6 Kf7 36. Rh7+ Kf8 37. Rd7 Rf7 38. Rxd6 Rb7 39. Rxg6 Rb4 40. Kd5 Rxa4 41. Kxc5 Ra1 42. Ra6 a4 43. Kb4 Ke7 44. f5 Rg1 45. g6 a3 46. Rxa3 1-0

[Event "SRI-ch (Women)"]
[Site "Colombo"]
[Date "2020.09.12"]
[Round "2"]
[White "Fernando, GW Nethmi L"]
[Black "Pavalachandran, Ashvini"]
[Result "1-0"]
[WhiteElo "1630"]
[BlackElo "1614"]
[PlyCount "166"]
[EventDate "2020.09.11"]
[EventType "tourn"]
[EventRounds "13"]
[EventCountry "SRI"]
[SourceTitle "CBM 198 Extra"]
[Source "ChessBase"]
[SourceDate "2020.11.30"]
[SourceVersion "1"]
[SourceVersionDate "2020.11.30"]
[SourceQuality "1"]

1. d4 Nf6 2. c4 g6 3. Nc3 Bg7 4. e4 d6 5. Be2 0-0 6. Be3 c5 7. d5 e6 8. Nf3 exd5 9. cxd5 Re8 10. Nd2 Na6 11. 0-0 Nc7 12. a4 Rb8 13. Qc2 Bg4 14. Bd3 b6 15. f3 Bc8 16. Rfe1 a6 17. Bg5 h6 18. Bh4 g5 19. Bf2 b5 20. axb5 axb5 21. Ra2 Nd7 22. b3 Ne5 23. Ne2 Na6 24. Rxa6 Bxa6 25. Ng3 Bc8 26. Nh5 Bd7 27. Nxg7 Kxg7 28. Bg3 f6 29. f4 Nf7 30. Qd1 gxf4 31. Bxf4 Ne5 32. Qh5 Rh8 33. Bxe5 dxe5 34. Re3 Kf8 35. Rf3 Qe7 36. Qg6 Rb6 37. Rg3 Qf7 38. Nf3 Qxg6 39. Rxg6 Ra6 40. Bf1 Be8 41. Nxe5 Bxg6 42. Nxg6+ Kg7 43. Nxh8 Rb6 44. Kf2 Kxh8 45. Kf3 Kg7 46. Kf4 Kf7 47. Kf5 Ke7 48. Be2 b4 49. h3 Rb8 50. Bc4 Rd8 51. g4 Rd6 52. h4 Rd8 53. Kf4 Kd6 54. Kf5 Rf8 55. Bb5 Rb8 56. Bc4 Re8 57. Bd3 Rf8 58. Bb5 Rb8 59. Bc4 Re8 60. Bd3 Ke7 61. Bc4 Ra8 62. d6+ Kxd6 63. Kxf6 Re8 64. Bd5 Re5 65. g5 hxg5 66. hxg5 Rxd5 67. exd5 c4 68. g6 cxb3 69. g7 b2 70. g8Q b1Q 71. Qe6+ Kc5 72. d6 Qf1+ 73. Ke7 Qh1 74. d7 Qh4+ 75. Ke8 Qh8+ 76. Ke7 Qh4+ 77. Qf6 Qe4+ 78. Kf8 Qa8+ 79. d8Q Qxd8+ 80. Qxd8 b3 81. Qe7+ Kb5 82. Qg7 Ka5 83. Qb2 Ka4 1-0

[Event "SRI-ch (Women)"]
[Site "Colombo"]
[Date "2020.09.12"]
[Round "3"]
[White "Ranasinghe, Sachini D"]
[Black "Fernando, GW Nethmi L"]
[Result "0-1"]
[WhiteElo "1731"]
[BlackElo "1630"]
[PlyCount "86"]
[EventDate "2020.09.11"]
[EventType "tourn"]
[EventRounds "13"]
[EventCountry "SRI"]
[SourceTitle "CBM 198 Extra"]
[Source "ChessBase"]
[SourceDate "2020.11.30"]
[SourceVersion "1"]
[SourceVersionDate "2020.11.30"]
[SourceQuality "1"]

1. Nf3 Nf6 2. g3 g6 3. Bg2 Bg7 4. 0-0 0-0 5. d3 d5 6. Re1 c6 7. Nbd2 Nbd7 8. c4 e5 9. e4 d4 10. Rb1 a5 11. b3 Qc7 12. Qc2 c5 13. a3 b6 14. b4 axb4 15. axb4 Bb7 16. Nb3 Ne8 17. bxc5 bxc5 18. Bd2 Nd6 19. Qc1 f5 20. exf5 Nxf5 21. Ng5 Bxg2 22. Kxg2 Qc6+ 23. Ne4 Nd6 24. Kg1 Nxe4 25. Rxe4 Qf6 26. Be1 Qf5 27. Qd1 Nf6 28. Re2 Qh3 29. f3 Ng4 30. Reb2 Bh6 31. Ba5 Be3+ 32. Kh1 Nf2+ 33. Rxf2 Bxf2 34. Qf1 Qxf1+ 35. Rxf1 Be3 36. Bc7 Rfe8 37. Bd6 Re6 38. Bxc5 Rb8 39. Na1 Rb2 40. Ba3 Ra2 41. Bc5 Rea6 42. Nb3 Rb2 43. Na1 Raa2 0-1

[Event "SRI-chB (Women)"]
[Site "Maharaga"]
[Date "2020.03.09"]
[Round "7.1"]
[White "Fernando, GW Nethmi L"]
[Black "Koswatte, CT."]
[Result "1/2-1/2"]
[WhiteElo "1601"]
[BlackElo "1785"]
[PlyCount "162"]
[EventDate "2020.03.06"]
[EventType "swiss"]
[EventRounds "11"]
[EventCountry "SRI"]
[SourceTitle "CBM 195 Extra"]
[Source "ChessBase"]
[SourceDate "2020.05.31"]
[SourceVersion "1"]
[SourceVersionDate "2020.05.31"]
[SourceQuality "1"]

1. d4 Nf6 2. c4 g6 3. Nc3 Bg7 4. e4 d6 5. Be2 0-0 6. Be3 e5 7. d5 a6 8. g4 Ne8 9. h4 f5 10. gxf5 gxf5 11. Bg5 Nf6 12. Nf3 h6 13. Bxf6 Qxf6 14. Qc2 fxe4 15. Qxe4 Bf5 16. Qe3 Nd7 17. 0-0-0 Nc5 18. Rhg1 b5 19. b4 Nd7 20. Ne4 Bxe4 21. Qxe4 Qf4+ 22. Qe3 bxc4 23. Nd2 Qxe3 24. fxe3 Rf2 25. Bxc4 a5 26. Bb5 Nf6 27. Bc6 Ra7 28. b5 a4 29. Rdf1 Rxf1+ 30. Rxf1 a3 31. e4 h5 32. Rf3 Kf7 33. Rb3 Bh6 34. Rb4 Be3 35. Kc2 Ng8 36. Nc4 Bc5 37. Rb3 Ra4 38. Kd3 Rb4 39. Rxb4 Bxb4 40. Bd7 Ne7 41. Ne3 Ng6 42. Nf5 Nf4+ 43. Kc4 Bc5 44. Ng3 Ke7 45. Bc6 Bf2 46. Nf5+ Kd8 47. Kb3 Bc5 48. Ng7 Ng6 49. Be8 Nxh4 50. Bxh5 Kc8 51. Ne6 Kb7 52. Nxc5+ dxc5 53. Kxa3 Kb6 54. Be2 Ng6 55. Kb3 Ne7 56. Bg4 Kxb5 57. a4+ Kb6 58. Kc4 Ng8 59. a5+ Kxa5 60. Kxc5 Ne7 61. d6 cxd6+ 62. Kxd6 Ng8 63. Kxe5 Kb6 64. Be6 Ne7 65. Kd6 Nc6 66. Bd5 Nd4 67. e5 Kb5 68. Bf7 Kb4 69. Kd5 Nf5 70. e6 Kb5 71. Ke5 Ne7 72. Kd6 Nf5+ 73. Kd7 Kc5 74. Bg6 Ng7 75. e7 Kd5 76. Bf7+ Ke5 77. Be6 Kf6 78. Kd6 Ne8+ 79. Kd7 Ng7 80. Bb3 Kg6 81. Ba4 Kf6 1/2-1/2

[Event "SRI-ch (Women)"]
[Site "Nugegoda"]
[Date "2019.07.08"]
[Round "13"]
[White "Pallie, Ehsha Mishela"]
[Black "Fernando, GW Nethmi L"]
[Result "0-1"]
[WhiteElo "1428"]
[BlackElo "1689"]
[PlyCount "118"]
[EventDate "2019.06.29"]
[EventType "tourn"]
[EventRounds "13"]
[EventCountry "SRI"]
[SourceTitle "EXT 2020"]
[Source "ChessBase"]
[SourceDate "2019.10.17"]
[SourceVersion "1"]
[SourceVersionDate "2019.10.17"]
[SourceQuality "1"]

1. e4 c5 2. Nf3 d6 3. d4 cxd4 4. Nxd4 Nf6 5. Nc3 a6 6. Bg5 e6 7. f4 Be7 8. Qf3 Qc7 9. 0-0-0 0-0 10. Qg3 Nbd7 11. Bd3 b5 12. a3 Bb7 13. Rhe1 Rfc8 14. e5 dxe5 15. fxe5 Nd5 16. Nxd5 Bxg5+ 17. Qxg5 Bxd5 18. Re3 h6 19. Qh5 Nc5 20. Rg3 Kh8 21. Qg4 Qxe5 22. Kb1 Nxd3 23. Rdxd3 Rg8 24. Rde3 Qf6 25. Nf3 Rac8 26. Qd4 Qf5 27. Rc3 Rxc3 28. Qxc3 Qe4 29. Rh3 f6 30. Rh4 Qf5 31. Qd2 Kh7 32. Rf4 Qg5 33. Qd3+ Qg6 34. Qxg6+ Kxg6 35. Rd4 Bxf3 36. gxf3 e5 37. Rd6 Ra8 38. Ka2 Kf5 39. Rd7 g5 40. Rh7 Kg6 41. Rd7 h5 42. Kb3 Kf5 43. Rh7 h4 44. Kb4 Rc8 45. c3 Kf4 46. Ka5 Rc6 47. Ra7 Kxf3 48. Rxa6 Rxa6+ 49. Kxa6 e4 50. Kxb5 e3 51. a4 e2 52. a5 e1Q 53. a6 Qe2+ 54. Kb6 Qxb2+ 55. Ka7 Ke4 56. h3 Kd5 57. Ka8 Kc6 58. Ka7 Kc7 59. Ka8 Qb8# 0-1

[Event "SRI-ch (Women)"]
[Site "Nugegoda"]
[Date "2019.07.05"]
[Round "7"]
[White "Fernando, GW Nethmi L"]
[Black "Pavalachandran, Ashvini"]
[Result "0-1"]
[WhiteElo "1689"]
[BlackElo "1578"]
[PlyCount "78"]
[EventDate "2019.06.29"]
[EventType "tourn"]
[EventRounds "13"]
[EventCountry "SRI"]
[SourceTitle "EXT 2020"]
[Source "ChessBase"]
[SourceDate "2019.10.17"]
[SourceVersion "1"]
[SourceVersionDate "2019.10.17"]
[SourceQuality "1"]

1. d4 Nf6 2. c4 g6 3. Nc3 Bg7 4. e4 d6 5. Nf3 0-0 6. Be2 e5 7. 0-0 Nc6 8. d5 Ne7 9. b4 Nh5 10. g3 f5 11. Nd2 Nf6 12. a4 Bh6 13. Bf3 fxe4 14. Ndxe4 Bxc1 15. Rxc1 Nxe4 16. Bxe4 Bh3 17. Bg2 Bxg2 18. Kxg2 a5 19. b5 b6 20. Qd2 Nf5 21. Ne4 Nd4 22. Qh6 Rf5 23. Rc3 Qd7 24. g4 Rf7 25. h3 Raf8 26. f3 Rf4 27. Ng5 Qe7 28. Rd3 e4 29. Rxd4 exf3+ 30. Kg3 Rxd4 31. Ne6 Rf7 32. Nxd4 Qe5+ 33. Kf2 Qxd4+ 34. Qe3 Qxc4 35. Qe6 Qc2+ 36. Kg3 Qg2+ 37. Kh4 Qxf1 38. Qe8+ Kg7 39. Qe3 Qa1 0-1

[Event "SRI-ch (Women)"]
[Site "Nugegoda"]
[Date "2019.07.01"]
[Round "5"]
[White "Fernando, GW Nethmi L"]
[Black "Premanath, Prasansa"]
[Result "1-0"]
[WhiteElo "1689"]
[BlackElo "1347"]
[PlyCount "94"]
[EventDate "2019.06.29"]
[EventType "tourn"]
[EventRounds "13"]
[EventCountry "SRI"]
[SourceTitle "EXT 2020"]
[Source "ChessBase"]
[SourceDate "2019.10.17"]
[SourceVersion "1"]
[SourceVersionDate "2019.10.17"]
[SourceQuality "1"]

1. d4 Nf6 2. c4 g6 3. Nc3 d5 4. cxd5 Nxd5 5. e4 Nxc3 6. bxc3 Bg7 7. Be3 c5 8. Rc1 cxd4 9. cxd4 0-0 10. Qd2 Nc6 11. d5 Ne5 12. h3 f5 13. f4 Nf7 14. e5 b6 15. Nf3 Bb7 16. Bc4 Rc8 17. 0-0 Kh8 18. Rfd1 h6 19. Qe2 Kh7 20. Qd3 Ra8 21. Bb5 a6 22. Bc6 Bxc6 23. Rxc6 b5 24. Bb6 Qe8 25. Nd4 Bxe5 26. Ne6 Bxf4 27. Nxf8+ Qxf8 28. Qf3 Bd6 29. Bd4 Ng5 30. Qc3 b4 31. Qb2 a5 32. Be5 Ne4 33. Bxd6 Nxd6 34. Qe5 Qg7 35. Qe6 a4 36. Rc7 Re8 37. Re1 Ne4 38. Rd1 Qf6 39. Qxf6 Nxf6 40. d6 b3 41. axb3 axb3 42. Rb1 Kg8 43. d7 Rf8 44. Rxb3 Kf7 45. Rd3 Rd8 46. g3 e5 47. Rc6 Nxd7 1-0

[Event "SRI-ch (Women)"]
[Site "Nugegoda"]
[Date "2019.06.30"]
[Round "4"]
[White "Ranasinghe, Sachini D"]
[Black "Fernando, GW Nethmi L"]
[Result "1/2-1/2"]
[WhiteElo "1844"]
[BlackElo "1689"]
[PlyCount "101"]
[EventDate "2019.06.29"]
[EventType "tourn"]
[EventRounds "13"]
[EventCountry "SRI"]
[SourceTitle "EXT 2020"]
[Source "ChessBase"]
[SourceDate "2019.10.17"]
[SourceVersion "1"]
[SourceVersionDate "2019.10.17"]
[SourceQuality "1"]

1. Nf3 Nf6 2. g3 g6 3. Bg2 Bg7 4. 0-0 0-0 5. Re1 d5 6. d4 Nbd7 7. Nbd2 c5 8. c4 cxd4 9. cxd5 Nxd5 10. Nb3 N7b6 11. Nfxd4 e5 12. Nc2 Rb8 13. e4 Nc7 14. Qe2 Ne6 15. Be3 Qe7 16. Bxb6 axb6 17. Qb5 Qc7 18. Ne3 Bd7 19. Qb4 Bc6 20. Nd5 Bxd5 21. exd5 Nc5 22. Rac1 Rbc8 23. Nxc5 bxc5 24. Qb5 b6 25. b4 Qd6 26. Rc4 Rfd8 27. Rec1 Bf8 28. a4 Rb8 29. Qc6 cxb4 30. Qb5 Qd7 31. Rc6 Qa7 32. Rc7 Qa5 33. Qc6 Rd6 34. Qc2 b5 35. axb5 Qxb5 36. Bf1 Qb6 37. Qb3 Qa5 38. Qf3 Qxd5 39. Qxd5 Rxd5 40. Bc4 Rd4 41. Bxf7+ Kh8 42. Ra1 Bd6 43. Rc2 b3 44. Rb2 Rdb4 45. Rab1 Kg7 46. Bd5 Bc5 47. Rxb3 Rxb3 48. Rxb3 Rb7 49. Rb4 Rxb4 50. Bc4 Rb3 51. Bxb3 1/2-1/2

[Event "SRI-chB (Women)"]
[Site "Colombo"]
[Date "2018.03.04"]
[Round "7"]
[White "Pavalachandran, Ashvini"]
[Black "Fernando, GW Nethmi L"]
[Result "1-0"]
[WhiteElo "1539"]
[BlackElo "1453"]
[PlyCount "28"]
[EventDate "2018.03.01"]
[EventType "swiss"]
[EventRounds "10"]
[EventCountry "SRI"]
[SourceTitle "EXT 2019"]
[Source "ChessBase"]
[SourceDate "2018.10.10"]
[SourceVersion "1"]
[SourceVersionDate "2018.10.10"]
[SourceQuality "1"]

1. d4 Nf6 2. c4 g6 3. Nc3 Bg7 4. e4 d6 5. Nf3 0-0 6. Be2 e5 7. d5 Nbd7 8. Bg5 h6 9. Bh4 Qe8 10. Nd2 a6 11. b4 c6 12. dxc6 bxc6 13. Nb3 Qe6 14. Na5 Nb6 1-0

[Event "SRI-ch (Women)"]
[Site "Colombo"]
[Date "2017.08.16"]
[Round "11"]
[White "Gunawardana, IMTM"]
[Black "Fernando, GW Nethmi L"]
[Result "0-1"]
[WhiteElo "1503"]
[BlackElo "1481"]
[PlyCount "100"]
[EventDate "2017.08.10"]
[EventType "tourn"]
[EventRounds "13"]
[EventCountry "SRI"]
[SourceTitle "CBM 180 Extra"]
[Source "ChessBase"]
[SourceDate "2017.10.06"]
[SourceVersion "1"]
[SourceVersionDate "2017.10.06"]
[SourceQuality "1"]

1. e4 c5 2. Nf3 d6 3. Bb5+ Bd7 4. Bxd7+ Qxd7 5. 0-0 Nc6 6. c3 Nf6 7. Re1 e6 8. d4 cxd4 9. cxd4 d5 10. e5 Ne4 11. Nc3 Nxc3 12. bxc3 Be7 13. Qd3 Rc8 14. Rb1 b6 15. Nd2 Na5 16. Re3 Qa4 17. Qa6 Qd7 18. Rg3 g6 19. Nb3 Nc4 20. Nd2 Rc7 21. Nxc4 Rxc4 22. Rb5 0-0 23. a4 Qc8 24. Qxc8 Rfxc8 25. Bd2 Rxa4 26. Rb1 Ra2 27. Bh6 Rc2 28. Ra1 Bf8 29. Bg5 Rc7 30. h3 Rb2 31. Ra6 Rb3 32. Rf3 Be7 33. Bh6 Bf8 34. Bg5 Rb5 35. h4 h5 36. Bf6 Bg7 37. Bg5 Bf8 38. Kh2 Be7 39. Bh6 Bxh4 40. Kh3 Be7 41. Ra1 a5 42. g4 hxg4+ 43. Kxg4 Bf8 44. Bg5 f5+ 45. exf6 Rb3 46. Rh1 Rh7 47. Re1 a4 48. Rxe6 a3 49. Re8 a2 50. Re1 Rb1 0-1

[Event "SRI-ch (Women)"]
[Site "Colombo"]
[Date "2017.08.15"]
[Round "10"]
[White "Fernando, GW Nethmi L"]
[Black "Yapa Bandara, Chamodya"]
[Result "0-1"]
[WhiteElo "1481"]
[BlackElo "1614"]
[PlyCount "82"]
[EventDate "2017.08.10"]
[EventType "tourn"]
[EventRounds "13"]
[EventCountry "SRI"]
[SourceTitle "CBM 180 Extra"]
[Source "ChessBase"]
[SourceDate "2017.10.06"]
[SourceVersion "1"]
[SourceVersionDate "2017.10.06"]
[SourceQuality "1"]

1. d4 Nf6 2. c4 g6 3. Nc3 Bg7 4. e4 d6 5. f4 0-0 6. Nf3 Na6 7. Be2 c5 8. d5 Nc7 9. 0-0 Bd7 10. Qc2 e6 11. Bd3 exd5 12. exd5 b5 13. cxb5 Nfxd5 14. Nxd5 Nxd5 15. Be4 Nb4 16. Qd2 Bxb5 17. Bxa8 Bxf1 18. Be4 Qe7 19. Bxg6 fxg6 20. Kxf1 Qe4 21. a3 Nc2 22. Rb1 Ne3+ 23. Qxe3 Qxb1 24. Ng5 Kh8 25. Ke2 Qc2+ 26. Bd2 Qxb2 27. Qe7 Qf6 28. Qd7 h6 29. Ne6 Rf7 30. Qe8+ Kh7 31. f5 gxf5 32. Bg5 hxg5 33. Nxg5+ Qxg5 34. Qxf7 Qxg2+ 35. Ke1 Qg6 36. Qe7 Qf6 37. Qxa7 c4 38. Qa6 d5 39. Qc8 c3 40. Qc5 d4 41. Qc4 Qh4+ 0-1

[Event "SRI-chB (Women)"]
[Site "Narahenpita"]
[Date "2017.05.20"]
[Round "7"]
[White "Herath, Uthpala Shanika"]
[Black "Fernando, GW Nethmi L"]
[Result "1/2-1/2"]
[WhiteElo "1316"]
[BlackElo "1341"]
[PlyCount "53"]
[EventDate "2017.05.12"]
[EventType "swiss"]
[EventRounds "10"]
[EventCountry "SRI"]
[SourceTitle "CBM 178 Extra"]
[Source "ChessBase"]
[SourceDate "2017.06.22"]
[SourceVersion "1"]
[SourceVersionDate "2017.06.22"]
[SourceQuality "1"]

1. d4 Nf6 2. c4 g6 3. Nc3 Bg7 4. e4 d6 5. f3 0-0 6. Be3 Nbd7 7. Qd2 e5 8. d5 a6 9. g4 h5 10. Bg5 Qe8 11. h3 Rb8 12. a4 Nc5 13. Ra3 Bd7 14. Qc2 a5 15. Nge2 Kh7 16. Ng3 Rd8 17. b3 Rh8 18. gxh5 Nxh5 19. Nxh5 gxh5 20. h4 f6 21. Be3 Na6 22. Qd2 Nb4 23. Na2 Nxa2 24. Rxa2 b6 25. Bh3 Bxh3 26. Rxh3 Qg6 27. Qg2 1/2-1/2

[Event "SRI-chB (Women)"]
[Site "Narahenpita"]
[Date "2017.05.19"]
[Round "6"]
[White "Fernando, GW Nethmi L"]
[Black "Tharushi, THD Niklesha"]
[Result "1/2-1/2"]
[WhiteElo "1341"]
[BlackElo "1643"]
[PlyCount "41"]
[EventDate "2017.05.12"]
[EventType "swiss"]
[EventRounds "10"]
[EventCountry "SRI"]
[SourceTitle "CBM 178 Extra"]
[Source "ChessBase"]
[SourceDate "2017.06.22"]
[SourceVersion "1"]
[SourceVersionDate "2017.06.22"]
[SourceQuality "1"]

1. d4 Nf6 2. c4 e6 3. Nc3 Bb4 4. Qc2 c5 5. dxc5 0-0 6. a3 Bxc5 7. Nf3 b6 8. Bf4 Bb7 9. Rd1 Na6 10. b4 Be7 11. e4 Rc8 12. Be2 Nh5 13. Bg3 Nxg3 14. hxg3 Qc7 15. Nb5 Qb8 16. e5 h6 17. Rxd7 Bxf3 18. gxf3 Nc7 19. Nxc7 Rxc7 20. Rxc7 Qxc7 21. Qe4 1/2-1/2

[Event "SRI-chB (Women)"]
[Site "Colombo"]
[Date "2016.03.12"]
[Round "1"]
[White "Fernando, GW Nethmi L"]
[Black "Premanath, Dinushki"]
[Result "0-1"]
[WhiteElo "1377"]
[BlackElo "1835"]
[PlyCount "66"]
[EventDate "2016.03.12"]
[EventType "swiss"]
[EventRounds "10"]
[EventCountry "SRI"]
[SourceTitle "CBM 171 Extra"]
[Source "ChessBase"]
[SourceDate "2016.04.26"]
[SourceVersion "1"]
[SourceVersionDate "2016.04.26"]
[SourceQuality "1"]

1. d4 Nf6 2. c4 e6 3. Nc3 Bb4 4. Qc2 0-0 5. a3 Bxc3+ 6. Qxc3 b6 7. e3 Bb7 8. b4 d6 9. f3 d5 10. Bb2 Nbd7 11. Bd3 Re8 12. Ne2 e5 13. 0-0 Qe7 14. Rfe1 c5 15. bxc5 bxc5 16. Ng3 g6 17. Re2 Rac8 18. Qb3 Ba6 19. Rc1 h5 20. cxd5 Bxd3 21. Qxd3 cxd4 22. Rxc8 Rxc8 23. exd4 Nxd5 24. Qe4 Nc3 25. Bxc3 Rxc3 26. a4 Qb4 27. dxe5 Qc5+ 28. Kf1 Rc1+ 29. Re1 Nxe5 30. Rxc1 Qxc1+ 31. Kf2 Qd2+ 32. Ne2 Nd3+ 33. Qxd3 Qxd3 0-1